000 01472nam a22004097a 4500
001 1544685
003 OSt
005 20210426115726.0
008 911119r19921971nyu 000 1 eng
010 _a 91044514
020 _a014016930X :
_c$12.00 U.S.A. ($14.99 CAN.)
040 _aDLC
_cDLC
_dDLC
_dOCoLC
_dDLC
043 _an-us-ca
050 0 0 _aPS3537.T316
_bA8 1992
080 _a821.111
_bS-82
082 0 0 _a813/.52
_220
100 1 _aStegner, Wallace,
_d1909-1993.
245 1 0 _aAngle of repose /
_cWallace Stegner.
260 _aNew York, N.Y., U.S.A. :
_bPenguin Books,
_c1992.
300 _a569 p. ;
_c21 cm.
440 0 _aContemporary American fiction
650 0 _aPeople with disabilities
_vFiction.
650 0 _aMarried people
_vFiction.
650 0 _aGrandparents
_vFiction.
650 0 _aHistorians
_vFiction.
650 0 _aAdultery
_vFiction.
650 0 _aOlder people
_vFiction.
651 0 _aCalifornia
_vFiction.
653 _aინგლისური ლიტერატურა
655 7 _aDomestic fiction.
_2lcsh
856 4 2 _3Publisher description
_uhttp://www.loc.gov/catdir/enhancements/fy1206/91044514-d.html
856 4 1 _3Table of contents only
_uhttp://www.loc.gov/catdir/enhancements/fy1206/91044514-t.html
906 _a7
_bcbc
_corignew
_d1
_eocip
_f19
_gy-gencatlg
942 _2udc
_cBK
999 _c1179
_d1179